[Event "EU-ch Online U14"]
[Site "Tornelo INT"]
[Date "2020.09.19"]
[Round "5"]
[White "Jakovic, Roko"]
[Black "Singh, Yuvraj"]
[Result "1-0"]
[WhiteElo "1499"]
[BlackElo "1304"]
[PlyCount "42"]
[EventDate "2020.09.18"]
[EventType "swiss (rapid)"]
[EventRounds "9"]
[EventCountry "ENG"]
[SourceTitle "EXT 2023"]
[Source "ChessBase"]
[SourceDate "2022.10.05"]
[SourceVersion "1"]
[SourceVersionDate "2022.10.05"]
[SourceQuality "1"]
[WhiteTeam "Croatia"]
[BlackTeam "Kanalinseln"]
[WhiteTeamCountry "CRO"]
[BlackTeamCountry "JCI"]

1. d4 Nf6 2. c4 e6 3. Nc3 Bb4 4. g3 d5 5. Bg2 Nc6 6. Nf3 0-0 7. 0-0 Re8 8. a3 Bxc3 9. bxc3 e5 10. Nxe5 Nxe5 11. dxe5 Rxe5 12. cxd5 Nxd5 13. c4 Bg4 14. f3 Nc3 15. Qxd8+ Rxd8 16. fxg4 Rxe2 17. Bf4 h6 18. h4 f6 19. Rf2 Rde8 20. Rxe2 Rxe2 21. Bxc7 Re3 1-0